|
|
|
|
| LEADER |
00000nab a2200000uu 4500 |
| 001 |
vtls011139857 |
| 003 |
SK-MaSNL |
| 005 |
20260304033508.0 |
| 008 |
230218|2006 xo |||||||||||||||||slo| |
| 015 |
|
|
|a SNBRB
|
| 035 |
|
|
|a (urnnbn)urn:nbn:sk:snk:ar-007xi3
|
| 035 |
|
|
|a (uuid)f93d625c-aab7-4ab7-8a07-c8626a2beecd
|
| 035 |
|
|
|a urn:nbn:sk:snk-abarxe
|
| 040 |
|
|
|a SNKBUCL
|b slo
|c SNKBUCL
|e AACR2
|
| 041 |
0 |
|
|a slo
|
| 044 |
|
|
|a xo
|c SK
|
| 100 |
1 |
|
|a Grančai, Daniel,
|d 1950-
|4 aut
|9 112572
|
| 245 |
1 |
0 |
|a FLAVONOIDY - HLAVNÉ OBSAHOVÉ LÁTKY LISTOV HOLODISCUS DISCOLOR (PURSH) MAXIM.
|c D. Grančai, E. Eisenreichová, K. Ubik, M. Haladová, M. Mrižová
|
| 700 |
1 |
|
|a Eisenreichová, Eva,
|d 1940-
|4 aut
|9 48428
|
| 700 |
1 |
|
|a Ubik, K.
|4 aut
|9 1188636
|
| 700 |
1 |
|
|a Haladová, Mária,
|d 1950-
|4 aut
|9 254778
|
| 700 |
1 |
|
|a Mrižová, M.
|4 aut
|9 1315363
|
| 773 |
0 |
|
|t Česká a slovenská farmacie : časopis České farmaceutické společnosti a Slovenské farmaceutické společnosti
|g Roč. 55, č. 5 (2006), s. 242-244
|
| 954 |
|
|
|a odborná, vedecká literatúra pôvodná (slovenská)
|2 lita
|
| 958 |
|
|
|a OND
|
| 958 |
|
|
|a EUIPO
|
| 958 |
|
|
|a article14
|
| 999 |
|
|
|c 2648413
|d 2650343
|